| 000 | 00660nam a22002057a 4500 | ||
|---|---|---|---|
| 005 | 20131216163049.0 | ||
| 010 | _aB-522151-159 | ||
| 020 |
_a9780143416043 _c99.00 |
||
| 035 | _aB-522151-159 | ||
| 037 |
_bBBB/Ven _adpl |
||
| 082 | _aS | ||
| 100 | _aRay, Satyajit | ||
| 245 |
_aFeluda / _cby Satyajit Ray; translated by Gopa Majumdar |
||
| 260 |
_bPenguin Books India _c2011 _aNew Delhi |
||
| 270 |
_a11 Community Centre, Panchsheel Park, _bNew Delhi _e110017 |
||
| 300 |
_av,146p. _c12cm(pbk) |
||
| 700 | _aMajumdar, Gopa | ||
| 942 |
_cCH _2ddc _mRAY _hS |
||
| 999 |
_c79122 _d79122 |
||